Giới thiệu công ước của Liên hợp quốc về quyền trẻ em
v.v...
Đã lưu trong:
| Tác giả chính: | |
|---|---|
| Định dạng: | Sách |
| Năm xuất bản: |
H.
Chính trị Quốc gia
1998
|
| Chủ đề: | |
| Tags: |
Thêm thẻ
Không có thẻ, Hãy là người đầu tiên gắn thẻ bản ghi này!
|
| LEADER | 01276nam a2200229 4500 | ||
|---|---|---|---|
| 082 | |a 341.48 |b V500NG | ||
| 100 | |a Vũ Ngọc Bình | ||
| 245 | |a Giới thiệu công ước của Liên hợp quốc về quyền trẻ em |c Vũ Ngọc Bình | ||
| 260 | |a H. |b Chính trị Quốc gia |c 1998 | ||
| 300 | |a 96 tr. |c 19 cm | ||
| 520 | |a v.v... | ||
| 653 | |a Pháp luật | ||
| 653 | |a công ước | ||
| 653 | |a liên hợp quốc | ||
| 653 | |a quyền trẻ em | ||
| 942 | |2 ddc |c STK0 | ||
| 999 | |c 9546 |d 9546 | ||
| 952 | |0 0 |1 0 |2 ddc |4 0 |6 341_480000000000000_V500NG |7 0 |8 300 |9 76148 |a qbu |b qbu |c D2 |d 2015-05-25 |g 20000 |o 341.48 V500NG |p 9656.c1 |r 0000-00-00 |w 2015-05-25 |y STK0 | ||
| 952 | |0 0 |1 0 |2 ddc |4 0 |6 341_480000000000000_V500NG |7 0 |8 300 |9 76149 |a qbu |b qbu |c D2 |d 2015-05-25 |g 20000 |o 341.48 V500NG |p 9656.c2 |r 0000-00-00 |w 2015-05-25 |y STK0 | ||
| 952 | |0 0 |1 0 |2 ddc |4 0 |6 341_480000000000000_V500NG |7 0 |8 300 |9 76150 |a qbu |b qbu |c D2 |d 2015-05-25 |g 20000 |o 341.48 V500NG |p 9656.c3 |r 0000-00-00 |w 2015-05-25 |y STK0 | ||
| 952 | |0 0 |1 0 |2 ddc |4 0 |6 341_480000000000000_V500NG |7 0 |8 300 |9 76151 |a qbu |b qbu |c D2 |d 2015-05-25 |g 20000 |o 341.48 V500NG |p 9656.c4 |r 0000-00-00 |w 2015-05-25 |y STK0 | ||
| 952 | |0 0 |1 0 |2 ddc |4 0 |6 341_480000000000000_V500NG |7 0 |8 300 |9 76152 |a qbu |b qbu |c D2 |d 2015-05-25 |g 20000 |o 341.48 V500NG |p 9656.c5 |r 0000-00-00 |w 2015-05-25 |y STK0 | ||